000 00599nam a22002177a 4500
003 UA-OsUOA
001 60834
007 ta
008 20090610b un ||||| |||| 00| 0 ukr d
100 _aМаневич В.
090 _a330
_bМ23
942 _cSA
040 _aUA-OsUOA
_brus
_cUA-OsUOA
_dUA-OsUOA
245 _aМонетарная динамическая модель Тобина и анализ российской экономики
300 _aС.70-94
955 _a0
041 _arus
080 _a330
773 0 _w60831
650 7 _a330 Економіка взагалі
_2UDC
999 _c347563
_d347563